City to Country - Select the Cities - Statistics

General Stats
  • This quiz has been taken 12 times
  • The average score is 99 of 129
Answer Stats
Question Tile Select % Correct
Cities that are in New Zealand Auckland Yes
100%
Cities that are in Mainland China Beijing Yes
100%
Cities that are in New Zealand Noumea No
100%
Cities that are in Germany Berlin Yes
91%
Cities that are in France Biel No
91%
Cities that are in Colombia (Xtra Hard) Bogota Yes
91%
Cities that are in Ukraine Brest No
91%
Cities that are in Ukraine Cahul No
91%
Cities that are in Colombia (Xtra Hard) Caracas No
91%
Cities that are in France Charleroi No
91%
Cities that are in Mainland China Chengdu Yes
91%
Cities that are in Japan Chongjin No
91%
Cities that are in Ukraine Derbent No
91%
Cities that are in Mainland China Erdenet No
91%
Cities that are in Ukraine Grodno No
91%
Cities that are in Colombia (Xtra Hard) Guayaquil No
91%
Cities that are in Germany Hamburg Yes
91%
Cities that are in Japan Hirohito No
91%
Cities that are in Ukraine Homyel No
91%
Cities that are in Japan Incheon No
91%
Cities that are in Colombia (Xtra Hard) Karachi No
91%
Cities that are in Mainland China Keng Tung No
91%
Cities that are in Ukraine Kursk No
91%
Cities that are in Ukraine Kyiv (Kiev) Yes
91%
Cities that are in New Zealand Lautoka No
91%
Cities that are in France Lille Yes
91%
Cities that are in Colombia (Xtra Hard) Lima No
91%
Cities that are in Ukraine Lublin No
91%
Cities that are in Colombia (Xtra Hard) Maracay No
91%
Cities that are in France Marseille Yes
91%
Cities that are in Canada Montreal Yes
91%
Cities that are in Germany München (Munich) Yes
91%
Cities that are in the United Arab Emirates Muscat No
91%
Cities that are in New Zealand Nasinu No
91%
Cities that are in France Paris Yes
91%
Cities that are in Japan Pohang No
91%
Cities that are in Colombia (Xtra Hard) Quito No
91%
Cities that are in Colombia (Xtra Hard) Santiago No
91%
Cities that are in Colombia (Xtra Hard) Santo Domingo No
91%
Cities that are in Colombia (Xtra Hard) Sao Paolo No
91%
Cities that are in Ukraine Satu Mare No
91%
Cities that are in Canada Skaneateles No
91%
Cities that are in Germany St Pölten No
91%
Cities that are in Colombia (Xtra Hard) Tokyo No
91%
Cities that are in Germany Zürich No
91%
Cities that are in the United Arab Emirates Abu Dhabi Yes
82%
Cities that are in Ukraine Belgorod No
82%
Cities that are in Japan Busan No
82%
Cities that are in Japan Cheongju No
82%
Cities that are in New Zealand Christchurch Yes
82%
Cities that are in Japan Desuka No
82%
Cities that are in Ukraine Dnipro (Dnipropetrovsk) Yes
82%
Cities that are in Ukraine Donetsk Yes
82%
Cities that are in France Genéve No
82%
Cities that are in Ukraine Groznyy No
82%
Cities that are in Japan Gwangju No
82%
Cities that are in Japan Haling No
82%
Cities that are in Japan Konnichiwa No
82%
Cities that are in Japan Kyoto Yes
82%
Cities that are in France Lyon Yes
82%
Cities that are in Japan Mamasan No
82%
Cities that are in Colombia (Xtra Hard) Maracaibo No
82%
Cities that are in Colombia (Xtra Hard) Medellin Yes
82%
Cities that are in France Nice Yes
82%
Cities that are in Ukraine Odesa (Odessa) Yes
82%
Cities that are in Japan Osaka Yes
82%
Cities that are in New Zealand Queenstown Yes
82%
Cities that are in Japan Ramen No
82%
Cities that are in Germany Salzburg No
82%
Cities that are in Ukraine Sankt Michaela No
82%
Cities that are in Japan Sapporo Yes
82%
Cities that are in Ukraine Stary Oskol No
82%
Cities that are in the United Arab Emirates Taizz No
82%
Cities that are in Colombia (Xtra Hard) Tegucigalpa No
82%
Cities that are in Ukraine Tiraspol No
82%
Cities that are in Japan Tokyo Yes
82%
Cities that are in Ukraine Volgograd No
82%
Cities that are in Mainland China Andong No
73%
Cities that are in Canada Bellingham No
73%
Cities that are in the United Arab Emirates Dammam No
73%
Cities that are in the United Arab Emirates Dubayy Yes
73%
Cities that are in Japan Fukuoka Yes
73%
Cities that are in Japan Hiroshima Yes
73%
Cities that are in Ukraine Kharkiv (Kharkov) Yes
73%
Cities that are in Germany Köln (Cologne) Yes
73%
Cities that are in France Lausanne No
73%
Cities that are in Canada Montauban No
73%
Cities that are in Japan Nagoya Yes
73%
Cities that are in Japan Nansai No
73%
Cities that are in Japan Nippon No
73%
Cities that are in Colombia (Xtra Hard) Perpipas No
73%
Cities that are in Canada Red Deer Yes
73%
Cities that are in Germany Rocherath No
73%
Cities that are in New Zealand Rotuma No
73%
Cities that are in Colombia (Xtra Hard) San Fernando de Apure No
73%
Cities that are in the United Arab Emirates Sharjah Yes
73%
Cities that are in Germany Strasbourg No
73%
Cities that are in Colombia (Xtra Hard) Trujillo No
73%
Cities that are in Japan Udon No
73%
Cities that are in Colombia (Xtra Hard) Barranquilla Yes
64%
Cities that are in Colombia (Xtra Hard) Cali Yes
64%
Cities that are in Colombia (Xtra Hard) Cartagena Yes
64%
Cities that are in Japan Ichi No
64%
Cities that are in Canada International Falls No
64%
Cities that are in Ukraine Lviv Yes
64%
Cities that are in Canada Medicine Hat Yes
64%
Cities that are in Canada Prince George Yes
64%
Cities that are in Ukraine Rostov-on-Don No
64%
Cities that are in Colombia (Xtra Hard) Valencia No
64%
Cities that are in Colombia (Xtra Hard) Bucaramanga Yes
55%
Cities that are in Mainland China Gaoxiong No
55%
Cities that are in Japan Hamamatsu Yes
55%
Cities that are in Ukraine Luhansk Yes
55%
Cities that are in the United Arab Emirates Najaf No
55%
Cities that are in Mainland China Nyingchi Yes
55%
Cities that are in Canada Port Huron No
55%
Cities that are in Japan Sendai Yes
55%
Cities that are in Colombia (Xtra Hard) Cucuta Yes
45%
Cities that are in the United Arab Emirates Fujairah Yes
45%
Cities that are in the United Arab Emirates Salalah No
45%
Cities that are in Mainland China Suining Yes
45%
Cities that are in Ukraine Vinnytsia Yes
45%
Cities that are in New Zealand Wanganui Yes
45%
Cities that are in Ukraine Zaporizhzhia Yes
45%
Cities that are in Colombia (Xtra Hard) Barquisimeto No
36%
Cities that are in Mainland China Dandong Yes
27%
Cities that are in New Zealand Porirua Yes
27%
Cities that are in Ukraine Sloviansk Yes
27%
Cities that are in Colombia (Xtra Hard) Pasto Yes
9%
No matching quizzes found
Score Distribution
Percent of People with Each Score
Percentile by Number Answered
Your Score History
You have not taken this quiz